Statistics for Christian Denominations Sacraments

Click here to take the quiz!

General Stats

  • This quiz has been taken 377 times
    (281 since last reset)
  • The average score is 13 of 17

Answer Stats

QuestionAnswer% Correct
Presbyterian2
94%
Lutherans2
92%
Orthodox7
90%
Shakers0
86%
Quakers0
84%
Mennonites2
80%
Pentecostals2
80%
Baptists2
78%
Congregationalists2
78%
Methodists2
78%
Christian Science0
73%
Jehovah’s Witnesses0
71%
Amish2
67%
Episcopalians7
67%
Seventh-Day Adventists2
65%
Salvation Army0
63%
LDS2
63%

Score Distribution

Percentile by Number Answered

Percent of People with Each Score

Your Score History

You have not taken this quiz since the last reset